000 01043cam a22003377a 4500
003 CHAP
005 20220329141949.0
008 981007d1996 us a r 00110 eng d
010 _a76343
011 _a77315
020 _a0132219395
035 _a86918
040 _cCHAP
082 0 4 _a574.5
_bS8 1996
100 0 0 _aStiling, Peter D.
_9109804
245 1 0 _aEcology :
_btheories and applications
_c/by Peter D. Stiling
250 _a2 ed.
260 _aUpper Saddle River, N.J. :
_bPrentice Hall,
_c1996.
300 _a539 p. :
_bilus.
500 _aBibliografĂ­a : pp. 464-514
500 _aGlosario : pp. 450-463
590 _aBATCH-UPD
_b10
_c20130110
_lUCH01
_h0354
590 _aBATCH-UPD
_b10
_c20130410
_lUCH01
_h0027
590 _aBATCH-UPD
_b10
_c20130914
_lUCH01
_h1228
590 _aCONVERSION
_b10
_c20130109
_lUCH01
_h1342
650 1 4 _aEcologĂ­a.
_935134
901 _aBK
905 _aAlejandra Carrasco M.
942 _cLIBRO
949 _a574.5 S8 1996
_bBC
_cLIBRO
_d33724000707642
_eLIBRO
_gI.193264
_h94251
_i86918
_si
_t$374.
999 _c76343
_d76343